| 000 | 00740nam a2200241 a 4500 | ||
|---|---|---|---|
| 001 | BRCA_5629 | ||
| 005 | 20190320205148.0 | ||
| 008 | 210211s1928----nyua######---#000-0#eng-# | ||
| 041 | _aeng | ||
| 044 | _anyu | ||
| 050 | 4 |
_aNK2062 _b.B96 1928 |
|
| 100 | 1 |
_aByne, Arthur _911595 |
|
| 245 | 1 | 0 |
_aSpanish interiors and furniture _cphotographs, drawings and text by Arthur Byne and Mildred Stapley. |
| 260 |
_aNueva York _bW. Helburn _c1928 |
||
| 300 |
_a2 v. _bil., 300 láminas _c35 cm. |
||
| 500 | _aIncluye índice de láminas | ||
| 500 | _aF107 | ||
| 650 | 1 | 4 |
_aDecoración y ornamentación _zEspaña _911563 |
| 650 | 1 | 4 |
_aMuebles españoles _914339 |
| 700 | 1 |
_aByne, Mildred Stapley _ecoaut. _914340 |
|
| 902 | _aGFM | ||
| 942 |
_2lcc _cB |
||
| 999 |
_c5323 _d5323 |
||